000 00277nam a22001097a 4500
008 170124b xxu||||| |||| 00| 0 eng d
020 _a9780763740306
041 _aeng
080 _24TH
_a618.2
245 _aPHILOSOPHICAL AND THEORITICAL PERSPECTIVES
_cCODY, W.K
942 _2udc
_cBK
999 _c3551
_d3551